[Event "XVI Gran Hotel Bali 2017"]
[Site "Benidorm"]
[Date "2017.12.07"]
[Round "8"]
[White "Serna Lara, Sergio"]
[Black "Moreno Ibanez, Miguel"]
[Result "1/2-1/2"]
[WhiteElo "2224"]
[BlackElo "2272"]
[Annotator "TA"]
[PlyCount "41"]
[EventDate "2017.??.??"]
[EventType "swiss"]
[EventCountry "ESP"]
[SourceTitle "playchess.com"]
[Source "ChessBase"]
[SourceQuality "1"]

{[%evp 16,41,37,25,45,45,40,39,31,46,81,74,84,62,124,127,121,63,60,46,46,38,51,37,55,27,40,8]} 1. d4 f5 2. g3 Nf6 {[%cal Bg8f6,Bf6e4,Be4d2][%mdl 32]} 3. Bg2 g6 4. b3 Bg7 5. Bb2 O-O 6. Nf3 d6 7. O-O Ne4 8. Nfd2 Nxd2 {A81: Dutch Defence: 2 g3} (8... Ng5 9. f4 Nf7 10. Nf3 c5 11. e3 Nc6 12. c4 Bd7 13. Kh1 e5 14. dxe5 dxe5 15. fxe5 Qe8 16. Nc3 {½-½ (35) Lupulescu,C (2634)-Firman,N (2512) Achaea 2017}) 9. Nxd2 {LiveBook: 6 Games} c5 10. Nc4 d5 11. Ne5 Nc6 12. e3 $146 ({Predecessor:} 12. f4 cxd4 13. Nxc6 bxc6 14. Bxd4 e5 {½-½ (14) Doettling,F (2509)-Erenska Barlo,H (2256) Bad Woerishofen 2001}) 12... Bxe5 13. dxe5 Be6 14. Qd2 Qd7 (14... Qc8 $14) 15. Rfd1 $16 Rad8 {[#]} 16. Qe2 ({White should try} 16. Qc3 $1 $16) 16... Qc7 $14 17. f4 Rd7 18. Rd2 Rfd8 19. Rad1 Qb6 20. Qf2 a5 21. c4 {Precision: White = 31%, Black = 47%.} 1/2-1/2

[Event "XVI Gran Hotel Bali 2017"]
[Site "Benidorm"]
[Date "2017.12.07"]
[Round "8"]
[White "Bas Mas, Miguel"]
[Black "Gromovs, Sergejs"]
[Result "0-1"]
[WhiteElo "2210"]
[BlackElo "2257"]
[Annotator "TA"]
[PlyCount "120"]
[EventDate "2017.??.??"]
[EventType "swiss"]
[EventCountry "ESP"]
[SourceTitle "playchess.com"]
[Source "ChessBase"]
[SourceQuality "1"]

{[%evp 17,120,53,57,40,34,8,39,29,29,25,39,30,95,0,18,-19,-10,-70,-81,-82,-66,-74,-70,-77,-64,-70,-55,-59,-33,-77,-73,-120,-70,-87,-52,-85,-62,-165,-158,-169,-177,-156,-162,-167,-167,-164,-141,-141,-142,-132,-138,-134,-70,-202,-163,-172,-166,-256,-253,-239,-257,-270,-253,-253,-254,-253,-253,-476,-447,-453,-429,-631,-622,-607,-591,-890,-856,-850,-833,-1027,-760,-1314,-1292,-1322,-1158,-1822,-1407,-2763,-2660,-1808,-1181,-29979,-29980,-29980,-29981,-29981,-29982,-29982,-29982,-29982,-29983,-29984,-29985,-29985,-29984]} 1. e4 c5 2. Nc3 Nc6 3. Bb5 g6 4. Bxc6 dxc6 5. f4 Nf6 6. Nf3 Bg7 7. O-O O-O 8. d3 b6 {B21: Sicilian: 2 f4 and Morra Gambit} (8... b5 9. Be3 c4 10. dxc4 b4 11. Na4 Nxe4 12. Qe1 Qa5 13. Bd4 Qxa4 14. Bxg7 Kxg7 15. Qxe4 Bf5 16. Qe5+ {1-0 (57) Bachmann,A (2593)-Hausrath,D (2503) Berlin 2015}) 9. Qe1 Ne8 {[%cal Bf6e8,Be8c7,Bc7d5][%mdl 32] LiveBook: 3 Games} 10. Bd2 Nc7 {White is slightly better.} 11. Qh4 $146 ({Predecessor:} 11. f5 Nb5 12. fxg6 fxg6 13. Nxb5 cxb5 {½-½ (47) Ljubarskij,J (2329)-Walter,G (2283) Bad Segeberg 2002}) 11... e6 12. Qxd8 (12. Qh3 {seems wilder.} f5 13. Rae1 Bb7 14. Kh1 Qd7 15. Ne5) 12... Rxd8 13. e5 Nd5 14. Ne4 f5 (14... a5 $11 {remains equal.}) 15. Nf2 (15. exf6 $1 $16 Nxf6 16. Nxf6+ Bxf6 17. Bc3 Bd4+ 18. Bxd4 cxd4 19. Rfe1) 15... h6 16. c4 Nb4 17. Bxb4 (17. Ne1 $11) 17... cxb4 $15 18. d4 a5 19. Rfd1 Bf8 20. Rd2 Ba6 21. b3 Bb7 {[%cal Ba6b7,Bb7c6,Bc6b5,Bb5c4][%mdl 32]} 22. Rad1 Rd7 23. Ne1 Rad8 24. Nc2 c5 25. Kf1 Bc6 26. Ke2 b5 27. cxb5 (27. Rd3 $15) 27... Bxb5+ $19 28. Ke1 c4 29. bxc4 Bxc4 30. Ne3 Bb5 31. d5 Bc5 $36 {[%mdl 2048] Keeping White busy.} 32. dxe6 Rxd2 33. Rxd2 Rxd2 34. Kxd2 $17 {[%mdl 4096] Endgame [#] KBB-KNN} a4 $1 35. Nfd1 ({White should try} 35. Ned1 $1 $15) 35... Kf8 36. Kc2 {[#]} Ba6 $1 37. Kb2 (37. e7+ $142 Kxe7 38. Nd5+ Kd7 39. e6+ Kd8 40. N1e3) 37... Bc8 38. Nc2 Bxe6 39. a3 b3 40. Nb4 Bd4+ 41. Nc3 Bd7 42. e6 $2 (42. g3) 42... Bxe6 $19 43. Nc6 Bf6 44. Ne5 (44. g3 $142 Kf7 45. Ne5+ Bxe5 46. fxe5) 44... Bxe5 45. fxe5 {KB-KN} Bd7 46. Nd1 f4 47. Kc3 Bc6 48. Nb2 Ke7 49. Nd3 g5 {[%cal Bg6g5,Bg5g4,Bg4g3,Bg3g2][%mdl 32]} 50. Nc5 Kf7 51. h4 Ke7 52. h5 g4 53. Nd3 f3 54. gxf3 Bxf3 {Black mates.} 55. Kd2 g3 56. Ke3 g2 57. Kf2 Be4 58. Nb2 Bc6 59. Nc4 Ke6 60. Kg1 Kd5 {Precision: White = 24%, Black = 73%.} 0-1

[Event "XVI Gran Hotel Bali 2017"]
[Site "Benidorm"]
[Date "2017.12.07"]
[Round "8"]
[White "Cubas Pons, Juan Miguel"]
[Black "Rodriguez Alvarez, Vidal"]
[Result "0-1"]
[WhiteElo "2187"]
[BlackElo "2256"]
[Annotator "TA"]
[PlyCount "122"]
[EventDate "2017.??.??"]
[EventType "swiss"]
[EventCountry "ESP"]
[SourceTitle "playchess.com"]
[Source "ChessBase"]
[SourceQuality "1"]

{[%evp 16,122,0,0,22,6,15,-23,0,-18,-22,-31,-35,-31,-26,-24,-6,-45,-5,-60,-49,-47,-64,-135,-120,-137,-108,-106,-110,-135,-18,-24,-6,-127,0,0,23,-84,-84,-68,-84,-177,-171,-184,-176,-176,-173,-176,-176,-176,-176,-177,-177,-184,-183,-179,-150,-141,-128,-162,-160,-183,-183,-183,-159,-159,-159,-158,-150,-150,-150,-150,-149,-152,-109,-98,-74,-164,-164,-300,-300,-300,-300,-300,-300,-29958,-29961,-29953,-688,-29946,-29955,-29967,-29964,-29965,-29962,-8033,-300,-29974,-29975,-29980,-29978,-29981,-29982,-29984,-29985,-29984,-29984,-29991,-29991]} 1. d4 e6 2. c4 Nf6 3. Nc3 Bb4 4. g3 O-O 5. Bg2 d5 6. a3 {E20: Nimzo-Indian: 4 g3 and 4 f3} Be7 7. cxd5 exd5 8. Nh3 c6 {[%cal Bc7c6,Bc6c5][%mdl 32]} 9. O-O {LiveBook: 3 Games} a5 (9... Na6 10. Nf4 Nc7 11. f3 c5 12. Be3 b6 13. Qc2 Bb7 {1-0 (61) Wei,Y (2739)-Karjakin,S (2760) Medias 2017}) 10. f3 $146 ({Predecessor:} 10. Nf4 Re8 11. b3 Na6 12. f3 c5 13. Be3 b6 14. dxc5 Bxc5 15. Bxc5 Nxc5 16. Ncxd5 Nxd5 17. Qxd5 {½-½ (33) Ivanisevic,I (2638)-Brkic,A (2586) Jerusalem 2015}) 10... c5 11. Nf4 Nc6 12. Be3 b6 13. Bf2 Ba6 14. dxc5 d4 15. Na4 bxc5 16. Qc2 Nd7 17. Bh3 (17. Rfe1 $11) 17... Nce5 $15 18. Bf5 g6 $36 {[%mdl 2048] Black has the initiative.} 19. Be4 (19. Bxd7 $15 Nxd7 20. b4 $1 {[%mdl 512]}) 19... Rc8 $1 $17 20. Nd5 Nf6 21. Nxf6+ Bxf6 22. Nxc5 {[#]} Rxc5 ({Black should play} 22... Be7 $1 $17 {[%cal Re7c5]} 23. b4 f5) 23. Qxc5 $11 {Black must now prevent Rfe1.} Bxe2 24. Kg2 {[#]} (24. Be1 $11) 24... d3 (24... Nxf3 $1 $17 {Hoping for ...Nd2.} 25. Bxf3 Bxf3+ 26. Kg1 (26. Kxf3 $2 Qa8+ 27. Ke2 Rc8 $19) 26... Be2) 25. Be3 Qd7 26. Bh6 (26. Rf2 $1 $11 {remains equal.}) 26... Rc8 $17 ({Of course not} 26... Bxf1+ $6 27. Rxf1 Rd8 28. Qxa5 $11) 27. Qxa5 Nc4 $1 28. Qa6 (28. Qd5 $17 {was necessary.} Bxf1+ 29. Rxf1 Qxd5 30. Bxd5 Nxb2 31. Be4) 28... Bxb2 $19 {aiming for ...d2.} 29. Rfd1 d2 ({Don't take} 29... Bxa1 30. Rxa1 Qd8 31. Bg5 $17) 30. Rxd2 Nxd2 31. Qxe2 {And now Rd1 would win.} Bxa1 32. Qxd2 Qxd2+ 33. Bxd2 {[%mdl 4096] Endgame KRB-KB} Bc3 34. Be3 Ba5 35. Bf4 Rc3 36. Bd6 Rb3 37. Be7 Rb2+ 38. Kh3 Bb6 39. Bd6 h5 40. g4 hxg4+ 41. fxg4 Rb3+ 42. Kg2 Kg7 43. h4 Bd8 44. h5 gxh5 45. gxh5 Re3 46. Bf3 (46. h6+ $17 Kf6 47. Bb1) 46... Be7 47. Bxe7 (47. Bf4 $142 Rxa3 48. Be4) 47... Rxe7 {KR-KB} 48. a4 Re3 49. Kf2 Ra3 50. Bd1 $2 (50. Bc6 $19) 50... Kh6 51. Ke1 Kg5 52. Kd2 f5 {[%cal Bf7f5,Bf5f4][%mdl 32]} 53. Kc1 Ra1+ 54. Kd2 f4 55. Bf3 Rxa4 $2 (55... Ra2+ 56. Ke1 Rxa4) 56. Ke2 $2 (56. Ke1 $19) 56... Ra2+ {Black mates.} 57. Kf1 Kh4 58. h6 Kg3 59. h7 Rh2 60. Be4 f3 {[%cal Rh2h1]} 61. Kg1 Rh4 {Precision: White = 29%, Black = 70%.} 0-1

[Event "XVI Gran Hotel Bali 2017"]
[Site "Benidorm"]
[Date "2017.12.07"]
[Round "8"]
[White "Nieves Cabanes, Javier"]
[Black "Saber, Yasser"]
[Result "1/2-1/2"]
[WhiteElo "2184"]
[BlackElo "2248"]
[Annotator "TA"]
[PlyCount "119"]
[EventDate "2017.??.??"]
[EventType "swiss"]
[EventCountry "ESP"]
[SourceTitle "playchess.com"]
[Source "ChessBase"]
[SourceQuality "1"]

{[%evp 13,119,31,26,-38,-20,-19,-20,-16,-19,-104,0,0,-7,0,36,0,15,0,0,0,38,56,70,64,75,74,83,31,21,0,0,-69,-74,-92,-101,-101,-105,-110,-27,-23,-35,-66,-54,-77,-74,-93,-83,-137,-135,-132,-123,-133,-139,-141,-124,-137,-134,-135,-92,-105,-111,-93,0,-50,-35,-54,0,-83,0,0,53,55,26,4,289,285,285,260,277,279,284,272,279,269,241,127,109,127,93,0,0,0,0,0,0,0,0,0,0,0,0,0,0,0,0,0,0,0]} 1. d4 d6 2. e4 Nf6 3. Nc3 g6 4. Bg5 Bg7 5. e5 Nfd7 6. exd6 cxd6 7. Qd2 Nc6 {LiveBook: 6 Partien} 8. O-O-O {B07: Pirc-Ufimzew-Verteidigung} (8. Nf3 $11) 8... Qa5 9. Nf3 h6 $146 ({Vorgänger:} 9... Nf6 10. Bc4 h6 11. Be3 Bd7 12. h3 Rc8 13. Bb3 b5 14. d5 Nb8 15. Qd4 Rc7 {0-1 (35) Jerez Perez,A (2411)-Peralta,F (2546) Montcada 2008}) 10. Be3 Nb6 11. d5 (11. Kb1 $11 {bleibt in der Remisbreite.}) 11... Bxc3 (11... Nb4 $1 $17 12. Bd4 Nxa2+ 13. Nxa2 Qxa2) 12. Qxc3 $11 Qxc3 13. bxc3 Na5 14. Rd4 $36 {[%mdl 2048] Weiss drückt.} Bd7 15. c4 {zielt auf Ld2 ab.} Rc8 {[%cal Ra5c4]} 16. Nd2 Rc7 17. Bd3 Na4 18. Re1 Kf8 19. Rh4 h5 20. Nf3 ({Schwächer ist} 20. Bxa7 b6 $17) (20. Nb3 $16 Nxb3+ 21. axb3) 20... Nc5 $14 21. Bd4 Rg8 22. Ng5 ({Lieber} 22. Bc3 $11 b6 23. h3) 22... f6 $15 23. Rf4 Bf5 $1 24. Ne6+ Nxe6 25. dxe6 Bxd3 (25... Nxc4 $17 26. Bxf5 gxf5 27. Rxf5 Rxg2 28. Rxh5 Ne5) 26. cxd3 $11 g5 27. Rf3 b5 28. Bc3 Nb7 29. Kd2 bxc4 30. d4 ({Günstiger ist} 30. Rf5) 30... Kg7 $17 31. Rf5 Kg6 32. Rb5 {Mit der Idee Teb1.} a6 33. Rb6 Ra8 34. h3 d5 35. Bb4 a5 36. Ba3 c3+ 37. Kc2 a4 (37... Nd8 $1 $17) 38. Reb1 Na5 {Und weiter mit ...Sc4 wäre nett.} 39. Bc5 Nc4 (39... Nc6 $15) 40. Rb8 (40. Rb7 $1 $11 {hält das Gleichgewicht.} Rac8 41. R1b4) 40... Ra6 ({Besser ist} 40... Rxb8 $1 $17 41. Rxb8 Kf5) 41. Re1 $11 Kf5 (41... Nd6 $11) 42. Rd8 $14 Nb6 43. Kxc3 {Schwarz muss nun Kb4 beachten.} a3 $2 {[%mdl 8192]} (43... Ra8 $11 {und Schwarz steht sicher.} 44. Rxa8 Nxa8) 44. Kb4 $1 $18 {[%cal Rb4b5]} Na4 {( -> ...Tb7+)} 45. Rxd5+ Kg6 46. Rd7 Rc8 47. Rxe7 Rb8+ 48. Kc4 Nb2+ 49. Kd5 ({Weiss braucht} 49. Kc3 $1 $18) 49... Nd3 $16 {[#]} 50. Re3 $1 {[%cal Re3d3]} Nf4+ {[#]} 51. Ke4 (51. Kc4 $1 $16) 51... Nxe6 {Die Stellung ist ausgeglichen.} 52. Bxa3 f5+ 53. Ke5 Rb5+ 54. d5 Nf4 {[%csl Gf4][%cal Rb5d5]} 55. Rd7 {g3 ist eine echte Drohung.} Raa5 $1 {[%cal Rb5d5]} 56. Rd6+ Kf7 $1 {[%cal Rb5d5]} 57. Rd7+ Kg6 {[%cal Rb5d5]} 58. Rd6+ Kf7 $1 {[%cal Rb5d5]} 59. Rd7+ Kg6 {[%cal Rb5d5]} 60. Rd6+ {Precision: Weiß = 46%, Schwarz = 56%.} 1/2-1/2

[Event "XVI Gran Hotel Bali 2017"]
[Site "Benidorm"]
[Date "2017.12.07"]
[Round "8"]
[White "Yuksel, Atilla Koksal"]
[Black "Lornye, Pylyp"]
[Result "1/2-1/2"]
[WhiteElo "2184"]
[BlackElo "2264"]
[Annotator "TA"]
[PlyCount "70"]
[EventDate "2017.??.??"]
[EventType "swiss"]
[EventCountry "ESP"]
[SourceTitle "playchess.com"]
[Source "ChessBase"]
[SourceQuality "1"]

{[%evp 14,70,58,43,74,90,87,8,35,21,12,0,0,0,0,0,50,43,49,35,60,43,160,137,108,111,130,100,157,142,145,133,137,130,102,97,105,38,64,45,90,0,-5,-185,-192,-189,-178,-352,-204,-279,-186,-288,-119,-149,-116,-139,-125,-118,-118]} 1. e4 d6 2. d4 Nf6 3. Nc3 g6 4. Be3 Bg7 5. f3 c6 6. Qd2 b5 7. g4 Nbd7 8. h4 {[%cal Bh2h4,Bh4h5][%mdl 32] LiveBook: 21 Games} O-O {B07: Pirc Defence: Miscellaneous Systems} (8... Nb6 9. h5 Rg8 10. Nh3 b4 11. Nd1 a5 12. a3 bxa3 13. Rxa3 Ba6 14. Bxa6 Rxa6 15. Qe2 Ra8 16. c4 {½-½ (54) Caruana,F (2757)-Kramnik,V (2810) Zuerich 2013}) 9. h5 e5 10. dxe5 $146 (10. O-O-O $16) ({Predecessor:} 10. hxg6 fxg6 11. Bh6 Qe7 12. Bxg7 Qxg7 13. d5 b4 14. Na4 c5 15. O-O-O {1-0 (59) Buiza Prieto,E-Aledo Yanguas,J (1609) Granada 2009}) 10... Nxe5 $11 {The position is equal.} 11. O-O-O b4 {Hoping for ...Bxg4.} 12. Nb1 a5 13. Qxd6 Qxd6 14. Rxd6 Be6 (14... Nexg4 $5 15. fxg4 Nxe4 $11) 15. h6 Bh8 16. a4 (16. Rxe6 $5 fxe6 17. Nd2 $11) 16... b3 17. c3 $36 {[%mdl 2048] White has some pressure.} Bc4 (17... Bxg4 $1 $14 18. fxg4 Nxe4) 18. Nh3 Bxf1 19. Rxf1 Nc4 20. Rd3 Rfd8 (20... Nxe3 $142 21. Rxe3 Nd7) 21. Rxd8+ $16 Rxd8 22. Bg5 Rd6 23. Nd2 Nxd2 24. Bxd2 {And now e5 would win.} Nd7 25. Bf4 (25. f4 $16) 25... Be5 26. Be3 Rd3 27. Ba7 ({White should play} 27. Rd1 $1 $16 {[%cal Rd1d3]} Rxe3 28. Rxd7) 27... Bd6 $11 28. Nf2 $2 (28. Rd1 $11 {and White is okay.} Rxd1+ 29. Kxd1) 28... Bf4+ $1 $19 ({Inferior is} 28... Rxf3 29. Rd1 $11) 29. Kb1 Rd2 30. Rd1 $2 {[#]} (30. Nh3 {was necessary.} Bxh6 31. f4) 30... Rxd1+ $1 31. Nxd1 Bxh6 32. Nf2 {[#]} (32. Bf2 $142) 32... Ne5 (32... c5 $1 $19 33. e5 Be3) 33. Bb6 $17 Nxf3 34. Bxa5 Nd2+ 35. Ka1 Be3 {Precision: White = 40%, Black = 49%.} 1/2-1/2

[Event "XVI Gran Hotel Bali 2017"]
[Site "Benidorm"]
[Date "2017.12.07"]
[Round "8"]
[White "Segarra Martinez, Axel"]
[Black "Hristodorescu, Daniel"]
[Result "1-0"]
[WhiteElo "2176"]
[BlackElo "2237"]
[Annotator "TA"]
[PlyCount "55"]
[EventDate "2017.??.??"]
[EventType "swiss"]
[EventCountry "ESP"]
[SourceTitle "playchess.com"]
[Source "ChessBase"]
[SourceQuality "1"]

{[%evp 10,55,59,55,69,71,114,101,117,91,105,90,106,98,116,107,146,123,145,55,52,47,50,58,60,43,65,56,159,145,186,188,195,174,225,231,329,141,311,327,319,302,290,303,864,870,848,838]} 1. e4 e5 2. Nf3 Nc6 3. Bc4 Bc5 4. c3 Qe7 5. b4 {[%cal Bb2b4,Bb4b5][%mdl 32]} Bb6 6. a4 {LiveBook: 9 Games. a5 is the strong threat. C53: Giuoco Piano sidelines} a5 (6... a6 7. d3 d6 8. Nbd2 Nf6 9. O-O O-O 10. Ba2 Ba7 11. Nc4 b5 12. Ne3 Bxe3 13. Bxe3 {1-0 (38) Cubas,J (2518)-Dos Santos,H (2233) Osasco 2012}) 7. b5 $1 {[%cal Rb5c6]} Nb8 8. d4 $146 {White is better.} ({Predecessor:} 8. O-O d6 9. d4 Nf6 10. Ba3 Nbd7 11. Nbd2 O-O 12. Re1 h6 13. h3 {1-0 (56) Srvatka,I (2182)-Gulbis,A (2119) Slovakia 2017}) 8... d6 9. h3 Nf6 10. O-O O-O 11. Re1 (11. Bd3 {is interesting.} Nbd7 12. Nbd2 c5 13. d5 Bc7 14. Nc4) 11... Be6 12. Nbd2 Bxc4 13. Nxc4 {[%cal Rd4e5]} Qe6 14. Qd3 (14. Nxb6 $16 cxb6 15. Ng5) 14... Nbd7 $14 15. Ba3 Rfe8 16. Rad1 Nh5 17. Bc1 ({Of course not} 17. Nxb6 Nxb6 18. Bc1 Qb3 $15) 17... h6 18. Nh4 exd4 (18... Nf4 $14 19. Bxf4 exf4) 19. cxd4 $16 d5 20. Nxb6 Nxb6 {[#]} 21. e5 $1 g5 (21... g6 $142) 22. Nf5 $18 Nxa4 (22... Nf4 {keeps fighting.} 23. Bxf4 gxf4) 23. h4 (23. g4 $18 {and the rest is easy.}) 23... Nc3 $2 {[#]} (23... Nf4 $16 24. Bxf4 gxf4) 24. Nxh6+ $1 {[%mdl 512]} Qxh6 25. Qxc3 Qb6 26. Bxg5 Qxb5 $2 (26... a4 27. Qf3 Qg6 28. Qxd5 c6) 27. Qf3 Ng7 28. Bf6 {Precision: White = 53%, Black = 25%.} 1-0

[Event "XVI Gran Hotel Bali 2017"]
[Site "Benidorm"]
[Date "2017.12.07"]
[Round "8"]
[White "Cantero Navarro, Antonio"]
[Black "Saenz Narciso, Miguel Angel"]
[Result "1-0"]
[WhiteElo "2167"]
[BlackElo "2228"]
[Annotator "TA"]
[PlyCount "77"]
[EventDate "2017.??.??"]
[EventType "swiss"]
[EventCountry "ESP"]
[SourceTitle "playchess.com"]
[Source "ChessBase"]
[SourceQuality "1"]

{[%evp 24,77,60,53,57,51,62,67,98,51,50,54,59,51,146,160,170,129,255,241,325,318,466,458,464,463,426,426,409,340,336,362,352,362,339,301,352,312,303,291,337,316,302,304,504,509,1005,942,827,757,29984,29986,29990,29991,29991,29989]} 1. e4 c5 2. Nf3 Nc6 3. d4 cxd4 4. Nxd4 g6 5. c4 Nf6 6. Nc3 Nxd4 7. Qxd4 d6 8. Be2 Bg7 9. Be3 O-O 10. Qd2 a5 {B36: Sizilianisch (Maroczy-Aufbau)} 11. Rd1 a4 12. O-O Be6 13. f4 {[%cal Bf2f4,Bf4e5][%mdl 32] [#] LiveBook: 21 Partien} Bg4 $146 ({Vorgänger:} 13... Qa5 14. Bd4 Qb4 15. a3 Qa5 16. Qe3 Rac8 17. Bb6 Qa8 18. c5 dxc5 19. Bxc5 {1-0 (34) Almasi,Z (2707)-Macieja,B (2651) Khanty-Mansiysk 2010}) 14. e5 dxe5 $1 15. fxe5 Qxd2 16. Rxd2 (16. Bxd2 {seems wilder.} Bxe2 17. exf6 Bxd1 18. fxg7 Rfd8 19. Rxd1 Rd4 20. Bh6) 16... Bxe2 17. exf6 Bxf1 18. fxg7 Kxg7 (18... Rfc8 $14 19. Kxf1 Rxc4) 19. Kxf1 $16 Rfc8 20. c5 a3 (20... Rd8 $16 {kämpft weiter.}) 21. b4 $18 {[%cal Bb2b4,Bb4b5][%mdl 32]} e5 22. Rd6 Rc6 (22... h6 $142 23. Nb5 Rd8) 23. Rd7 b6 24. b5 Rf6+ 25. Ke2 bxc5 26. Nd5 Rb8 27. Nxf6 Kxf6 {[%mdl 4096] Endspiel KTL-KT} 28. Rd6+ ({Weniger gut wäre} 28. Bxc5 Rxb5 29. Bf8 (29. Bxa3 Ra5 $18) 29... Rb8 $18) 28... Ke7 29. Bxc5 {[#] Und Tb6+ würde nun gewinnen.} Rxb5 30. Bxa3 Ke8 31. Ra6 f5 32. Bc1 Kd7 33. g3 {[%cal Bg2g3,Bg3f4,Bf4e5,Be5e6][%mdl 32]} g5 $2 {[#]} (33... Rb1 {war einen Versuch wert.}) 34. Bxg5 f4 (34... Rb4 $142 35. Bf6 Rb2+ 36. Ke3 f4+ 37. gxf4 exf4+ 38. Kxf4 Rxh2) 35. gxf4 Rb2+ 36. Ke3 Rxh2 37. fxe5 {Weiß setzt Matt.} h5 38. e6+ Kc8 39. Ra8+ {Precision: Weiß = 91%, Schwarz = 37%.} 1-0

[Event "XVI Gran Hotel Bali 2017"]
[Site "Benidorm"]
[Date "2017.12.08"]
[Round "9"]
[White "Fernandez Barrera, Victor"]
[Black "Segarra Martinez, Axel"]
[Result "1-0"]
[WhiteElo "2300"]
[BlackElo "2176"]
[Annotator "TA"]
[PlyCount "95"]
[EventDate "2017.??.??"]
[EventType "swiss"]
[EventCountry "ESP"]
[SourceTitle "playchess.com"]
[Source "ChessBase"]
[SourceQuality "1"]

{[%evp 11,95,26,30,0,8,8,0,-11,-19,-15,0,-22,-1,-26,-20,-36,-24,-34,8,-8,4,0,18,0,0,0,0,0,43,60,104,96,93,19,60,32,63,57,133,133,131,139,129,118,136,124,145,122,255,241,238,197,320,335,342,330,306,187,208,101,90,92,335,330,562,538,591,567,630,518,522,510,702,530,908,562,1188,1183,1159,885,29976,29977,29984,1040,29982,29983]} 1. c4 e5 2. Nc3 Nf6 3. g3 d5 4. cxd5 Nxd5 5. Bg2 Ne7 6. Nf3 Nbc6 7. d3 {A29: English Opening: Four Knights Variation with 4 g3} (7. b4 a6 8. Bb2 Nf5 9. O-O Nfd4 10. Nxd4 exd4 11. Nd5 Be6 12. Nf4 Bd7 13. Nd3 Bd6 14. Rc1 O-O 15. a3 Re8 16. Re1 {½-½ (32) Erdos,V (2624)-Istratescu,A (2636) Achaea 2012}) 7... g6 8. Bg5 {Strongly threatening Nxe5!} Bg7 9. Ne4 {The position is equal.} f5 10. Nc3 $146 (10. Nf6+ $2 Kf7 $19) ({Predecessor:} 10. Nc5 Qd6 11. Rc1 Rb8 12. Qa4 O-O 13. Bxe7 Qxe7 {1-0 (28) Gorlanov,V (2159)-Leonov,V (1850) Rybinsk 2009}) 10... Be6 11. O-O h6 12. Be3 (12. Bxe7 $5 Nxe7 13. Qa4+ c6 14. e4 $15) 12... O-O 13. Rc1 Qd7 14. Bc5 Rad8 15. Qa4 b6 16. Ba3 a6 {[#] ...b5 is the strong threat.} 17. Bxe7 Nxe7 18. Qxa6 Ra8 19. Qb5 $1 Qxb5 (19... Qd6 $5 {[%cal Ra8a5]} 20. Nd2 Ra5 $11) 20. Nxb5 Rxa2 21. Rxc7 Nd5 22. Rc2 (22. Rc6 $16 Bd7 23. Rd6 (23. Nxe5 Bxc6 24. Nxc6 Nf6 $16) 23... Bxb5 24. Rxd5 Rxb2 25. Nxe5) 22... Ra5 23. Nd6 Nb4 24. Rc7 e4 (24... Rd5 $14 25. Nc4 Rf7 26. Rxf7 Kxf7) 25. dxe4 $16 fxe4 26. Nxe4 Bxb2 27. Rb7 Nd5 {[#]} 28. Nd6 $1 Ra6 29. e4 {Black must now prevent Nh4.} Nc3 (29... Nb4 $16) 30. Nd4 $18 Ba2 31. Nc6 Ne2+ (31... b5 $142) 32. Kh1 Rf6 33. e5 Bxe5 34. Ne8 ({Don't do} 34. Nxe5 $6 Rxd6 35. Re1 Ra8 $18) 34... Re6 35. Nc7 (35. Nxe5 $18 {and White stays clearly on top.} Rxe8 36. f4 (36. Nxg6 b5 $18)) 35... Bxc7 $16 36. Rxc7 $40 {[%mdl 128] Hoping for Nb4. Black is in trouble.} Ra4 $2 (36... Bb3 $16) 37. Rd1 $18 {White threatens Rd8+ and mate.} Nd4 $2 (37... Re8 38. Ne7+ Kf7) 38. Nxd4 Rd6 39. Re1 {[%cal Re1e8]} Bf7 40. Nf3 Ra5 41. h4 Rf6 42. Kg1 Ra2 43. Rd1 b5 44. Rd8+ Kg7 45. Rdd7 Kg8 46. Ne5 Rfxf2 47. Rxf7 (47. Bd5 $142 Rac2 48. Rxf7 Rxf7 49. Rxc2 Kg7 50. Nxf7 Kf6 51. Rc6+ Ke7 52. Nxh6) 47... Rxg2+ 48. Kf1 {Precision: White = 40%, Black = 29%.} 1-0